Historia de la ciencia y la tecnología en Chile
Wedi'i Gadw mewn:
| Prif Awdur: | |
|---|---|
| Awduron Eraill: | , , , , , , , , , |
| Fformat: | Anhysbys |
| Cyhoeddwyd: |
Santiago, Chile:
Universitaria,
2023.
|
| Rhifyn: | Primera edición |
| Pynciau: | |
| Tagiau: |
Ychwanegu Tag
Dim Tagiau, Byddwch y cyntaf i dagio'r cofnod hwn!
|
MARC
| LEADER | 00000 a2200000 4500 | ||
|---|---|---|---|
| 003 | CL-VaPUC | ||
| 005 | 20240725125812.0 | ||
| 008 | 240717t2023 ||||| |||| 00| 0 eng d | ||
| 999 | |c 444096 |d 444094 | ||
| 020 | |a 978-956-11-3026-5 (OC) | ||
| 020 | |a 978-956-11-3026-5 (t.I) | ||
| 020 | |a 978-956-11-3027-2 (t.II) | ||
| 020 | |a 978-956-11-3028-9 (t.III) | ||
| 020 | |a 978-956-11-3029-6 (t.IV) | ||
| 040 | |c Pontificia Universidad Católica de Valparaíso | ||
| 082 | 7 | |2 22 |a 303.4830983 SAN 2023 | |
| 100 | |a Sanhueza Cerda, Carlos |9 889843 |e edición general | ||
| 245 | |a Historia de la ciencia y la tecnología en Chile | ||
| 250 | |a Primera edición | ||
| 260 | |a Santiago, Chile: |b Universitaria, |c 2023. | ||
| 300 | |a IV tomos | ||
| 505 | |a t.I Ciencia, públicos y géneros. Prácticas y agentes desde los márgenes; t.II Ciencia e historia ambiental: paisajes, conflictos, recursos; t.III Cultura visual y material de las ciencias: imágenes, objetos y espacios; t.IV Ciencia, tecnología e imaginarios de innovación; | ||
| 583 | |k GC |c 20240717 | ||
| 650 | 0 | |a Progreso científico y tecnológico |9 890198 |z Chile | |
| 650 | 0 | |a Científicas |9 890199 |z Chile | |
| 650 | 0 | |a Medio ambiente |x Historia |9 879776 |z Chile | |
| 650 | 0 | |a Recursos naturales |9 255232 |z Chile | |
| 650 | 0 | |a Ilustración botánica |9 890201 |z Chile | |
| 650 | 0 | |a Toma de apuntes (Cuaderno de campo) |9 471690 |z Chile | |
| 650 | 0 | |a Innovaciones tecnológicas |9 259728 |z Chile | |
| 700 | |9 890185 |a Valderrama, Lorena B. |e edición general | ||
| 700 | |9 890186 |a Correa, María José |e editora tomo I | ||
| 700 | |9 890187 |a Ramírez, Verónica |e editora tomo I | ||
| 700 | |9 890188 |a Sánchez, Marcelo |e editor tomo I | ||
| 700 | |9 890189 |a Silva, Bárbara |e editora tomo II | ||
| 700 | |9 890190 |a Booth Pinochet, Rodrigo |e editor tomo II | ||
| 700 | |9 890191 |a Peliowski, Amarí |e editora tomo III | ||
| 700 | |9 890192 |a Valdés Echenique, Catalina |e editora tomo III | ||
| 700 | |9 890193 |a Arellano, Nelson |e editor tomo IV | ||
| 700 | |9 890194 |a Ibarra, Cecilia |e editora tomo IV | ||
| 942 | |2 ddc |c BK | ||
| 952 | |0 0 |1 0 |2 ddc |4 0 |6 303_483098300000000_SAN_2023 |7 0 |8 A |9 595596 |a BIBHIS |b BIBHIS |d 2024-07-12 |e 13 |g 13799.75 |h t.IV |i 5662243 |o 303.4830983 SAN 2023 |p 5662243 |r 2024-07-12 |t 1 |v 13799.75 |w 2024-07-12 |y BK |k HIS | ||
| 952 | |0 0 |1 0 |2 ddc |4 0 |6 303_483098300000000_SAN_2023 |7 0 |8 A |9 595597 |a BIBHIS |b BIBHIS |d 2024-07-12 |e 13 |g 13799.75 |h t.II |i 5662241 |l 1 |o 303.4830983 SAN 2023 |p 5662241 |r 2024-10-01 |s 2024-10-01 |t 1 |v 13799.75 |w 2024-07-12 |y BK |k HIS | ||
| 952 | |0 0 |1 0 |2 ddc |4 0 |6 303_483098300000000_SAN_2023 |7 0 |8 A |9 595598 |a BIBHIS |b BIBHIS |d 2024-07-12 |e 13 |g 13799.75 |h t.I |i 5662240 |l 2 |m 1 |o 303.4830983 SAN 2023 |p 5662240 |r 2024-11-13 |s 2024-10-01 |t 1 |v 13799.75 |w 2024-07-12 |y BK |k HIS | ||
| 952 | |0 0 |1 0 |2 ddc |4 0 |6 303_483098300000000_SAN_2023 |7 0 |8 A |9 595599 |a BIBHIS |b BIBHIS |d 2024-07-12 |e 13 |g 13799.75 |h t.III |i 5662242 |l 2 |m 1 |o 303.4830983 SAN 2023 |p 5662242 |r 2024-11-13 |s 2024-10-01 |t 1 |v 13799.75 |w 2024-07-12 |y BK |k HIS | ||